Normal view
MARC view
Entry Personal Name
001 - CONTROL NUMBER
- control field: 2797
003 - CONTROL NUMBER IDENTIFIER
- control field: BD-RjUL
005 - DATE AND TIME OF LATEST TRANSACTION
- control field: 20220508115330.0
008 - FIXED-LENGTH DATA ELEMENTS
- fixed length control field: 220508|| aca||aabn | a|a d
040 ## - CATALOGING SOURCE
- Original cataloging agency: BD-RjUL
- Transcribing agency: BD-RjUL
100 ## - HEADING--PERSONAL NAME
- Personal name: Wood, Francis C.
670 ## - SOURCE DATA FOUND
- Source citation: Work cat.: (BD-RjUL)79766: Dailey, Charles L. 2794, Computation curves for compressible fluid problems,, c1949.